España (Record no. 4298)
[ view plain ]
| 000 -CABECERA | |
|---|---|
| campo de control de longitud fija | 00762nam a2200241 a 4500 |
| 001 - NÚMERO DE CONTROL | |
| campo de control | BRCA_4593 |
| 005 - FECHA Y HORA DE LA ÚLTIMA TRANSACCIÓN | |
| campo de control | 20190320204729.0 |
| 008 - DATOS DE LONGITUD FIJA--INFORMACIÓN GENERAL | |
| campo de control de longitud fija | 240910s1930----sp-a######---#000-0#spa-# |
| 041 ## - CÓDIGO DE LENGUA | |
| Código de lengua del texto/banda sonora o título independiente | spa |
| 044 ## - CÓDIGO DEL PAÍS DE LA ENTIDAD EDITORA/PRODUCTORA | |
| Código MARC del país | sp |
| 084 ## - OTRO NÚMERO DE CLASIFICACIÓN | |
| Número de clasificación | DP302 |
| Número de documento/Ítem | .M37 1930 |
| 100 1# - ENTRADA PRINCIPAL--NOMBRE DE PERSONA | |
| Nombre de persona | Martínez Sierra, Gregorio |
| Fechas asociadas al nombre | 1881-1947 |
| 9 (RLIN) | 11620 |
| 245 10 - MENCIÓN DE TÍTULO | |
| Título | España |
| Resto del título | Andalucía |
| Mención de responsabilidad, etc. | Gregorio Martínez Sierra ; acuarelas de Marius Hubert-Robert. |
| 260 ## - PUBLICACIÓN, DISTRIBUCIÓN, ETC. | |
| Lugar de publicación, distribución, etc. | Barcelona |
| Nombre del editor, distribuidor, etc. | Edita |
| Fecha de publicación, distribución, etc. | 1930 |
| 300 ## - DESCRIPCIÓN FÍSICA | |
| Extensión | 160 p. |
| Otras características físicas | il. a color, 13 láminas |
| Dimensiones | 33 cm. |
| 500 ## - NOTA GENERAL | |
| Nota general | CFG74 |
| 650 14 - PUNTO DE ACCESO ADICIONAL DE MATERIA--TÉRMINO DE MATERIA | |
| Término de materia o nombre geográfico como elemento de entrada | Acuarelas |
| 9 (RLIN) | 11621 |
| 651 #4 - PUNTO DE ACCESO ADICIONAL DE MATERIA--NOMBRE GEOGRÁFICO | |
| Nombre geográfico | Andalucía, España |
| Subdivisión general | Descripción |
| 9 (RLIN) | 11622 |
| 651 #4 - PUNTO DE ACCESO ADICIONAL DE MATERIA--NOMBRE GEOGRÁFICO | |
| Nombre geográfico | España |
| Subdivisión general | Descripción y viajes |
| 9 (RLIN) | 7912 |
| 700 1# - PUNTO DE ACCESO ADICIONAL--NOMBRE DE PERSONA | |
| Nombre de persona | Hubert Robert, Marius |
| Fecha de publicación/de la obra | 1733-1808 |
| Término indicativo de función/relación | Ilustrador |
| 9 (RLIN) | 11623 |
| 902 ## - CATALOGADOR | |
| Iniciales | GFM |
| 942 ## - ELEMENTOS DE PUNTO DE ACCESO ADICIONAL (KOHA) | |
| Fuente del sistema de clasificación o colocación | Library of Congress Classification |
| Tipo de ítem Koha | Libros |
| Estado de retiro | Estado de pérdida | Estado dañado | No para préstamo | Localización permanente | Ubicación/localización actual | Fecha de adquisición | Número de inventario | Total de préstamos | Signatura topográfica completa | Código de barras | Fecha visto por última vez | Precio válido a partir de | Tipo de ítem Koha |
|---|---|---|---|---|---|---|---|---|---|---|---|---|---|
| El ejemplar forma parte de la colección y puede ser consultado según las políticas vigentes. | Biblioteca del Museo Franz Mayer (Rogerio Casas-Alatriste) | Biblioteca del Museo Franz Mayer (Rogerio Casas-Alatriste) | 24/09/2010 | CFG74 | DP302 .M37 1930 (CFG74) | 4591 | 22/03/2019 | 22/03/2019 | Libros |